| 000 | 01056cam a2200289 a 4500 | ||
|---|---|---|---|
| 001 | 17220737 | ||
| 003 | OSt | ||
| 005 | 20150408114216.0 | ||
| 008 | 120321s2013 maua g b 001 0 eng | ||
| 020 | _a9781444335835 (cloth) | ||
| 020 | _a9781444335842 (pbk.) | ||
| 040 | _aMa-Un | ||
| 082 | 0 | 0 |
_222 _a616.855 _bREM |
| 245 | 0 | 0 |
_aResearch methods in clinical linguistics and phonetics : _ba practical guide / _cedited by Nicole Muller, Martin J. Ball. |
| 260 |
_aMalden, Mass. : _bJohn Wiley & Sons, _c2013. |
||
| 300 |
_axii, 318 p. : _bill. ; _c25 cm. |
||
| 504 | _aIncludes bibliographical references and index. | ||
| 650 | 0 |
_aSpeech disorders _944669 |
|
| 650 | 0 |
_aCommunicative disorders _944670 |
|
| 650 | 0 |
_aLanguage disorders _944671 |
|
| 650 | 0 | _aPhonetics | |
| 650 | 0 | _aApplied linguistics | |
| 700 | 1 |
_aMuller, Nicole, _d1963- _944672 |
|
| 700 | 1 |
_aBall, Martin J. _q(Martin John) _944673 |
|
| 942 |
_2ddc _cBOOK |
||
| 999 |
_c34889 _d269389 |
||